[Event "Rated Blitz tournament 9D3fZwaR"]
[Site "?"]
[Date "2021.07.25"]
[Round "?"]
[White "pasino"]
[Black "om_gendut"]
[Result "1-0"]
[WhiteElo "2605"]
[BlackElo "2454"]
[PlyCount "81"]
[EventDate "2021.??.??"]
[EventType "blitz"]

1. e4 e5 2. Nf3 d5 3. exd5 e4 4. Ne5 Qxd5 5. d4 exd3 6. Nxd3 Nf6 7. Nc3 Qe6+ 8.
Be2 Bd6 9. O-O O-O 10. Re1 Nbd7 11. Bf4 Bxf4 12. Nxf4 Qf5 13. g3 Ne5 14. Ncd5
Nxd5 15. Nxd5 Qd7 16. Bb5 Qxb5 17. Rxe5 Qxb2 18. Rh5 g6 19. Rh4 Be6 20. Nxc7
Rac8 21. Nxe6 fxe6 22. Rb1 Qxc2 23. Qe1 Rxf2 24. Rxb7 Rg2+ 25. Kh1 Qc6 26. Qe4
Rxa2 27. Qxc6 Rxc6 28. Rb8+ Kg7 29. Rb7+ Kf6 30. Rb1 Rcc2 31. Rf4+ Kg7 32. Rb7+
Kh6 33. Rh4+ Kg5 34. Rb1 h5 35. Rf1 a5 36. Re1 Kh6 37. g4 a4 38. gxh5 Kg5 39.
Rh3 gxh5 40. Rg3+ Kh6 41. Rxe6+ {Time forfeit} 1-0

[Event "Rated Blitz game"]
[Site "?"]
[Date "2021.07.25"]
[Round "?"]
[White "SHORT21"]
[Black "rofaidah"]
[Result "1-0"]
[WhiteElo "2587"]
[BlackElo "2454"]
[PlyCount "59"]
[EventDate "2021.??.??"]
[EventType "blitz"]

1. e4 e5 2. Nf3 d5 3. Nxe5 Qe7 4. d4 f6 5. Nf3 dxe4 6. Nfd2 Nc6 7. c3 Bf5 8.
Bb5 O-O-O 9. O-O g5 10. Bxc6 bxc6 11. Qa4 Kb7 12. Nc4 Bd7 13. b4 c5 14. Na5+
Ka8 15. Nc6 Bxc6 16. Qxc6+ Kb8 17. bxc5 Qd7 18. Qa6 Qc8 19. Qa4 Qb7 20. Na3 Ka8
21. c6 Qc8 22. Nb5 Qb8 23. Bxg5 fxg5 24. Rab1 Ne7 25. Qa6 Qb6 26. Nxc7+ Qxc7
27. Rb7 Qb8 28. Rfb1 Nxc6 29. Rxb8+ Nxb8 30. Qb7# {Normal} 1-0

[Event "Rated Blitz tournament 9D3fZwaR"]
[Site "?"]
[Date "2021.07.25"]
[Round "?"]
[White "fighter2005"]
[Black "om_gendut"]
[Result "1-0"]
[WhiteElo "2473"]
[BlackElo "2439"]
[PlyCount "29"]
[EventDate "2021.??.??"]
[EventType "blitz"]

1. e4 e5 2. Nf3 d5 3. exd5 e4 4. Ng1 Qxd5 5. Nc3 Qe6 6. Bb5+ c6 7. Ba4 Nf6 8.
Bb3 Qe5 9. Nge2 Bd6 10. d4 exd3 11. Qxd3 O-O 12. Bf4 Qa5 13. Bxd6 Bf5 14. Qg3
Re8 15. O-O {Normal} 1-0

[Event "Rated Blitz tournament 9D3fZwaR"]
[Site "?"]
[Date "2021.07.25"]
[Round "?"]
[White "SmootherKing"]
[Black "om_gendut"]
[Result "1/2-1/2"]
[WhiteElo "2248"]
[BlackElo "2446"]
[PlyCount "263"]
[EventDate "2021.??.??"]
[EventType "blitz"]

1. e4 e5 2. Nf3 d5 3. exd5 e4 4. Nd4 Qxd5 5. Nb3 Nf6 6. Nc3 Qe5 7. Be2 Bd6 8.
Nb5 O-O 9. Nxd6 cxd6 10. O-O Nc6 11. d4 exd3 12. Qxd3 Bf5 13. Qe3 Bxc2 14. Qxe5
dxe5 15. Bg5 Ne4 16. Be3 Rac8 17. Nc5 Nxc5 18. Bxc5 Rfd8 19. Rac1 Be4 20. Rfe1
Bd5 21. Bg4 Ra8 22. b4 b6 23. b5 Nd4 24. Bxd4 exd4 25. Red1 Bxa2 26. Rc7 Bb3
27. Rd2 d3 28. h4 Bc2 29. Bf3 Rac8 30. Rxa7 g6 31. h5 Rc5 32. hxg6 hxg6 33. Bc6
Rd4 34. f3 Re5 35. Kf2 Rd6 36. Ra1 Rde6 37. Kg3 Re2 38. Rxe2 Rxe2 39. Be4 f5
40. Bd5+ Kg7 41. Bc4 Kf6 42. Ra3 Rd2 43. Kf4 g5+ 44. Ke3 Re2+ 45. Kd4 Rxg2 46.
Bxd3 Rd2 47. Ra6 Rxd3+ 48. Kc4 Rd6 49. Kc3 Bd3 50. Ra8 Bxb5 51. Rh8 Ke7 52.
Rh7+ Ke6 53. Rh6+ Ke5 54. Rh8 g4 55. fxg4 fxg4 56. Rg8 Kf4 57. Rf8+ Kg3 58. Rf5
Bc6 59. Rf8 Bf3 60. Kc4 Rc6+ 61. Kd4 Kf2 62. Ra8 g3 63. Ra2+ Be2 64. Ra8 g2 65.
Rf8+ Bf3 66. Ra8 g1=Q 67. Ra2+ Be2 68. Ke4 Qc1 69. Kf5 Qc2+ 70. Rxc2 Rxc2 71.
Ke5 b5 72. Kd4 b4 73. Kd5 b3 74. Kd4 b2 75. Ke5 b1=Q 76. Kd5 Bf1 77. Ke6 Ke1
78. Kf5 Qd1 79. Kf4 Bc4 80. Ke5 Ba2 81. Ke4 Qd3+ 82. Kxd3 Re2 83. Kd4 Be6 84.
Kc5 Bh3 85. Kd6 Bf1 86. Kc5 Kd2 87. Kd4 Re3 88. Kc5 Kc2 89. Kd4 Rd3+ 90. Kc5
Rc3+ 91. Kd4 Kb2 92. Ke4 Bc4 93. Kd4 Ba2 94. Ke4 Kc2 95. Kd4 Rd3+ 96. Ke4 Kd2
97. Kf4 Re3 98. Kf5 Ke2 99. Kf4 Rf3+ 100. Ke4 Kf2 101. Kd4 Bb1 102. Ke5 Re3+
103. Kd4 Ke2 104. Kd5 Rd3+ 105. Ke4 Kd2 106. Kf4 Bc2 107. Ke4 Kc3 108. Kf4 Rd4+
109. Ke3 Kc4 110. Kf3 Rd5 111. Ke3 Ba4 112. Kf4 Rd3 113. Kf5 Rd4 114. Ke5 Rd5+
115. Kf6 Kc5 116. Ke6 Rd6+ 117. Ke5 Kc6 118. Kf5 Rd5+ 119. Ke4 Kd6 120. Kf4 Re5
121. Kg4 Ke6 122. Kf4 Bc6 123. Kg3 Rf5 124. Kg4 Ke5 125. Kg3 Rf4 126. Kh2 Ke4
127. Kg3 Rf3+ 128. Kg4 Ke3 129. Kg5 Be4 130. Kh4 Rf5 131. Kg4 Rf3 132. Kg5 {
Normal} 1/2-1/2

[Event "Rated Blitz tournament 9D3fZwaR"]
[Site "?"]
[Date "2021.07.25"]
[Round "?"]
[White "sr654"]
[Black "om_gendut"]
[Result "0-1"]
[WhiteElo "2427"]
[BlackElo "2455"]
[PlyCount "28"]
[EventDate "2021.??.??"]
[EventType "blitz"]

1. e4 e5 2. Nf3 d5 3. Bb5+ c6 4. Bf1 dxe4 5. Nxe5 Bc5 6. Nc4 Nf6 7. Ne3 O-O 8.
Be2 Nbd7 9. O-O Ne5 10. b4 Bxb4 11. Bb2 Bd6 12. Nc3 Qe7 13. Re1 Rd8 14. Ng4
Nexg4 {Normal} 0-1

[Event "Rated Blitz tournament 6h46RqXL"]
[Site "?"]
[Date "2021.07.25"]
[Round "?"]
[White "Zhigalko_Andrey"]
[Black "Maltinho"]
[Result "1-0"]
[WhiteElo "2655"]
[BlackElo "2523"]
[PlyCount "55"]
[EventDate "2021.??.??"]
[EventType "blitz"]

1. e4 e5 2. Nf3 d5 3. exd5 Bd6 4. Bb5+ c6 5. dxc6 Nxc6 6. O-O Bg4 7. h3 Bh5 8.
Re1 Nge7 9. d4 O-O 10. g4 Bg6 11. dxe5 Bc5 12. Qxd8 Raxd8 13. c3 f6 14. Bc4+
Kh8 15. e6 Ne5 16. Nxe5 fxe5 17. Be3 Bxe3 18. fxe3 Rf3 19. Na3 Be4 20. Bf1 Rd2
21. Re2 Rxe2 22. Bxe2 Rxh3 23. Rd1 h6 24. Nc4 Nd5 25. Rxd5 Bxd5 26. e7 Bf7 27.
Nd6 Kg8 28. Bc4 {Normal} 1-0

[Event "Rated Blitz game"]
[Site "?"]
[Date "2021.07.25"]
[Round "?"]
[White "Kostov_64"]
[Black "KamranShirazi"]
[Result "0-1"]
[WhiteElo "2371"]
[BlackElo "2507"]
[PlyCount "54"]
[EventDate "2021.??.??"]
[EventType "blitz"]

1. e4 e5 2. Nf3 d5 3. Nxe5 Bd6 4. d4 dxe4 5. Nc4 Be7 6. Nc3 f5 7. Be2 Nf6 8.
O-O O-O 9. f3 exf3 10. Bxf3 c6 11. d5 cxd5 12. Nxd5 Nxd5 13. Bxd5+ Kh8 14. Ne5
Qe8 15. Bf4 Nd7 16. Kh1 Bf6 17. Nc4 Nb6 18. Nxb6 axb6 19. Qf3 Bxb2 20. Rae1 Qd7
21. Bb3 Bf6 22. Rd1 Qc6 23. Qe3 Re8 24. Qh3 Be6 25. Rfe1 Bxb3 26. axb3 Qxc2 27.
Qxf5 Qxf5 {Normal} 0-1

[Event "Rated Blitz game"]
[Site "?"]
[Date "2021.07.25"]
[Round "?"]
[White "caipirinhas"]
[Black "artsportscience"]
[Result "0-1"]
[WhiteElo "2397"]
[BlackElo "2401"]
[PlyCount "62"]
[EventDate "2021.??.??"]
[EventType "blitz"]

1. e4 e5 2. Nf3 d5 3. Nxe5 Bd6 4. d4 dxe4 5. Nc4 Nf6 6. Nxd6+ Qxd6 7. Be2 Bf5
8. c3 c6 9. O-O Nbd7 10. Nd2 O-O 11. Nc4 Qe6 12. Ne3 Bg6 13. Bc4 Qe7 14. Bd2
Nb6 15. Bb3 Nbd5 16. Bc2 Nxe3 17. Bxe3 Nd5 18. Re1 f5 19. c4 Nxe3 20. fxe3 Qg5
21. Qe2 f4 22. exf4 Rxf4 23. Rf1 Bh5 24. Qe1 e3 25. Rxf4 Qxf4 26. Qf1 Qxd4 27.
Kh1 e2 28. Qg1 Qxb2 29. Rc1 Re8 30. Bb3 Qxc1 31. c5+ Kh8 {Normal} 0-1

[Event "Rated Blitz game"]
[Site "?"]
[Date "2021.07.25"]
[Round "?"]
[White "Avoerna08"]
[Black "KinzyabulatovRenat"]
[Result "1-0"]
[WhiteElo "2433"]
[BlackElo "2399"]
[PlyCount "47"]
[EventDate "2021.??.??"]
[EventType "blitz"]

1. e4 e5 2. Nf3 d5 3. exd5 e4 4. Ne5 Qxd5 5. d4 exd3 6. Nxd3 Nc6 7. Nc3 Qa5 8.
Be2 Bf5 9. Bg4 Nf6 10. Bxf5 Qxf5 11. Bf4 O-O-O 12. Bg3 h5 13. h3 h4 14. Bh2 Nd4
15. O-O Nxc2 16. Qxc2 Qxd3 17. Qa4 Bc5 18. Rac1 Bb6 19. Nb5 Rd5 20. Nxc7 Kd8
21. Rfd1 Qf5 22. Nxd5 Nxd5 23. Rxd5+ Qxd5 24. Rd1 {Normal} 1-0

[Event "Rated Blitz game"]
[Site "?"]
[Date "2021.07.25"]
[Round "?"]
[White "CrazyBabun"]
[Black "KinzyabulatovRenat"]
[Result "0-1"]
[WhiteElo "2438"]
[BlackElo "2404"]
[PlyCount "20"]
[EventDate "2021.??.??"]
[EventType "blitz"]

1. e4 e5 2. Nf3 d5 3. exd5 e4 4. Qe2 Nf6 5. Nc3 Be7 6. Nxe4 Nxd5 7. d3 O-O 8.
Nc3 Bb4 9. Qd2 Qf6 10. d4 Qc6 {Normal} 0-1

[Event "Rated Blitz game"]
[Site "?"]
[Date "2021.07.25"]
[Round "?"]
[White "Licenciadomate"]
[Black "batasjon"]
[Result "0-1"]
[WhiteElo "2514"]
[BlackElo "2388"]
[PlyCount "52"]
[EventDate "2021.??.??"]
[EventType "blitz"]

1. e4 e5 2. Nf3 d5 3. Nxe5 Bd6 4. Nf3 dxe4 5. Qe2 Qe7 6. Nd4 Nf6 7. d3 Be5 8.
Nb3 exd3 9. cxd3 Nc6 10. Nc3 Bf5 11. Bg5 O-O-O 12. O-O-O Rhe8 13. Qf3 Bg6 14.
Nd5 Rxd5 15. Bxf6 Rc5+ 16. Nxc5 Qxc5+ 17. Kb1 Bxf6 18. Be2 Qd4 19. Rd2 Rxe2 20.
Qxe2 b6 21. a3 Ne5 22. Rhd1 Nc4 23. Rc2 Nxa3+ 24. Kc1 Nxc2 25. Qxc2 c5 26. Rd2
Bg5 {Normal} 0-1

[Event "Rated Blitz tournament 9D3fZwaR"]
[Site "?"]
[Date "2021.07.25"]
[Round "?"]
[White "Saparmyrat"]
[Black "om_gendut"]
[Result "1-0"]
[WhiteElo "2658"]
[BlackElo "2461"]
[PlyCount "63"]
[EventDate "2021.??.??"]
[EventType "blitz"]

1. e4 e5 2. Nf3 d5 3. Nxe5 Bd6 4. d4 dxe4 5. Nc4 Be7 6. Nc3 Nf6 7. Bg5 Bf5 8.
Qd2 O-O 9. O-O-O Nbd7 10. Be2 Nb6 11. Ne5 c6 12. g4 Be6 13. Bxf6 Bxf6 14. Nxe4
Be7 15. f4 f5 16. gxf5 Bxf5 17. Ng3 Be6 18. Kb1 Nd5 19. Rhf1 Qb6 20. Nc4 Qc7
21. f5 Bf7 22. Ne5 Rae8 23. Bc4 Bf6 24. Nxf7 Qxf7 25. Nh5 Qxh5 26. Rde1 Kh8 27.
Re6 h6 28. Rfe1 Kh7 29. Be2 Qxf5 30. Bd3 Qxd3 31. Qxd3+ Kg8 32. Rxe8 {Normal}
1-0

[Event "Rated Blitz game"]
[Site "?"]
[Date "2021.07.25"]
[Round "?"]
[White "Jimmyvady9"]
[Black "tactinhos2900"]
[Result "0-1"]
[WhiteElo "2518"]
[BlackElo "2675"]
[PlyCount "82"]
[EventDate "2021.??.??"]
[EventType "blitz"]

1. e4 e5 2. Nf3 d5 3. Nxe5 Bd6 4. d4 dxe4 5. Nc3 Bxe5 6. dxe5 Qxd1+ 7. Kxd1 Bf5
8. Bb5+ c6 9. Be2 Nd7 10. Bf4 Ne7 11. g4 Ng6 12. Bg3 Be6 13. Nxe4 Ndxe5 14.
Bxe5 Nxe5 15. f3 O-O-O+ 16. Ke1 Rhe8 17. Kf2 Bd5 18. Rhd1 Nxg4+ 19. fxg4 Bxe4
20. Bd3 Bxd3 21. Rxd3 Rxd3 22. cxd3 Kd7 23. h4 Kd6 24. Kf3 Kd5 25. Rc1 c5 26.
Rc4 b5 27. Rf4 f6 28. g5 fxg5 29. hxg5 Re5 30. g6 hxg6 31. Rf7 Kd4 32. Rd7+ Rd5
33. Rxg7 Kxd3 34. Rxa7 c4 35. a4 b4 36. Rb7 c3 37. bxc3 bxc3 38. Rb5 Rxb5 39.
axb5 c2 40. b6 c1=Q 41. b7 Qb2 {Normal} 0-1

[Event "Rated Blitz game"]
[Site "?"]
[Date "2021.07.25"]
[Round "?"]
[White "BigBangTheoryy"]
[Black "Schachelite"]
[Result "0-1"]
[WhiteElo "2499"]
[BlackElo "2484"]
[PlyCount "44"]
[EventDate "2021.??.??"]
[EventType "blitz"]

1. e4 e5 2. Nf3 d5 3. Nxe5 Bd6 4. d4 dxe4 5. Nc4 Nf6 6. Be2 Nc6 7. O-O Nxd4 8.
Nxd6+ Qxd6 9. Nc3 O-O 10. Be3 Nxe2+ 11. Qxe2 c6 12. Rad1 Qe5 13. Bd4 Qe7 14.
Bxf6 Qxf6 15. Qxe4 Bf5 16. Qa4 b5 17. Qb3 Qg6 18. Rd2 Rad8 19. Rfd1 Bh3 20. g3
Rxd2 21. Rxd2 Re8 22. Rd1 Qg4 {Normal} 0-1

[Event "Rated Blitz game"]
[Site "?"]
[Date "2021.07.25"]
[Round "?"]
[White "AndyIOC"]
[Black "GoughPhar"]
[Result "0-1"]
[WhiteElo "2370"]
[BlackElo "2452"]
[PlyCount "49"]
[EventDate "2021.??.??"]
[EventType "blitz"]

1. e4 e5 2. Nf3 d5 3. Nxe5 Bd6 4. d4 dxe4 5. Nc3 Bxe5 6. dxe5 Qxd1+ 7. Kxd1 Bf5
8. Be3 Nc6 9. Bb5 O-O-O+ 10. Kc1 Nxe5 11. Rd1 Nf6 12. Rxd8+ Rxd8 13. Be2 Neg4
14. Bxg4 Nxg4 15. a4 Nxe3 16. fxe3 a5 17. Nb5 Bg4 18. Nc3 c6 19. b3 f5 20. h3
Bh5 21. g4 fxg4 22. hxg4 Bxg4 23. Nxe4 Rd1+ 24. Kb2 Rxa1 25. Kxa1 {Normal} 0-1

[Event "Rated Blitz game"]
[Site "?"]
[Date "2021.07.25"]
[Round "?"]
[White "Narti08"]
[Black "rofaidah"]
[Result "0-1"]
[WhiteElo "2427"]
[BlackElo "2453"]
[PlyCount "74"]
[EventDate "2021.??.??"]
[EventType "blitz"]

1. e4 e5 2. Nf3 d5 3. Nxe5 Qe7 4. d4 f6 5. Ng4 dxe4 6. Ne3 Nc6 7. c4 Bd7 8. Nc3
O-O-O 9. d5 Ne5 10. Nxe4 f5 11. f4 Ng4 12. Nxg4 Qxe4+ 13. Ne3 Bb4+ 14. Ke2 Nf6
15. h3 Rhe8 16. a3 Bc5 17. Qd3 Qxf4 18. b4 Bxe3 19. Bxe3 Qg3 20. Kd2 f4 21. Bd4
Ne4+ 22. Kc2 Bf5 23. Qxg3 Nxg3+ 24. Bd3 Re2+ 25. Kc3 Rxg2 26. Bxg7 Bxd3 27.
Kxd3 Nxh1 28. Bf6 Rg3+ 29. Kd4 Rxh3 30. Bxd8 Kxd8 31. c5 f3 32. b5 f2 33. Rf1
Rh2 34. Ke3 Ng3 35. Rxf2 Rxf2 36. Kxf2 Ne4+ 37. Ke3 Nxc5 {Normal} 0-1

[Event "Rated Blitz game"]
[Site "?"]
[Date "2021.07.25"]
[Round "?"]
[White "Crisle"]
[Black "KamranShirazi"]
[Result "0-1"]
[WhiteElo "2401"]
[BlackElo "2507"]
[PlyCount "30"]
[EventDate "2021.??.??"]
[EventType "blitz"]

1. e4 e5 2. Nf3 d5 3. exd5 e4 4. Nd4 Qxd5 5. Nb3 Bd6 6. Nc3 Qe5 7. Be2 Bf5 8.
d4 exd3 9. cxd3 Nc6 10. Be3 O-O-O 11. Qd2 Nf6 12. O-O-O Bb4 13. h3 Nd5 14. d4
Nxc3 15. bxc3 Ba3+ {Normal} 0-1

[Event "Rated Blitz game"]
[Site "?"]
[Date "2021.07.25"]
[Round "?"]
[White "The3Streets"]
[Black "annaly1979"]
[Result "1/2-1/2"]
[WhiteElo "2482"]
[BlackElo "2405"]
[PlyCount "112"]
[EventDate "2021.??.??"]
[EventType "blitz"]

1. e4 e5 2. Nf3 d5 3. d3 dxe4 4. dxe4 Qxd1+ 5. Kxd1 Bg4 6. Be3 Nc6 7. c3 f6 8.
Kc2 Bh5 9. Bc4 Bd6 10. b4 a6 11. Nbd2 Nge7 12. Nb3 Bg6 13. Nfd2 f5 14. f3 fxe4
15. Nxe4 O-O-O 16. a4 Nf5 17. Bf2 Be7 18. b5 Nb8 19. Be6+ Nd7 20. Nbc5 Bxc5 21.
Nxc5 Nd4+ 22. Kb2 Nxe6 23. Nxe6 Rde8 24. Ng5 a5 25. Rad1 b6 26. Rhe1 h6 27. Ne4
Bxe4 28. Rxe4 Nf6 29. Re2 e4 30. fxe4 Rxe4 31. Rxe4 Nxe4 32. Bd4 Rf8 33. Re1
Nd6 34. Re7 Nf5 35. Bxg7 Rg8 36. Rf7 Nxg7 37. g4 Ne6 38. Rf6 Nc5 39. Rxh6 Rxg4
40. Rh8+ Kb7 41. h4 Rg2+ 42. Ka3 Rc2 43. h5 Rxc3+ 44. Kb2 Rh3 45. h6 Nxa4+ 46.
Kc2 Nc5 47. h7 a4 48. Kb2 a3+ 49. Ka2 Na4 50. Ka1 Rh2 51. Kb1 Nc3+ 52. Kc1 a2
53. Rb8+ Ka7 54. Ra8+ Kxa8 55. h8=Q+ Kb7 56. Qb8+ Kxb8 {Normal} 1/2-1/2

[Event "Rated Blitz game"]
[Site "?"]
[Date "2021.07.25"]
[Round "?"]
[White "alidomat"]
[Black "rofaidah"]
[Result "0-1"]
[WhiteElo "2415"]
[BlackElo "2449"]
[PlyCount "66"]
[EventDate "2021.??.??"]
[EventType "blitz"]

1. e4 e5 2. Nf3 d5 3. exd5 e4 4. Nd4 Qxd5 5. Nb3 Bd6 6. Nc3 Qe5 7. Bc4 Nf6 8.
Qe2 O-O 9. h3 Re8 10. d4 exd3 11. Bxd3 Qh5 12. Be3 Bg4 13. Qd2 Nc6 14. Ne2 Rad8
15. O-O-O Bxe2 16. Bxe2 Qg6 17. Bd3 Qh5 18. g4 Qd5 19. Bxh7+ Kxh7 20. Qxd5 Nxd5
21. Rxd5 Nb4 22. Rh5+ Kg8 23. a3 g6 24. Rb5 Nc6 25. Rxb7 Ne5 26. Rd1 a6 27. Ra7
Nc4 28. Rxa6 Nxe3 29. fxe3 Rxe3 30. h4 Rh3 31. h5 Bf4+ 32. Nd2 Rxd2 33. Rxd2
Rh1# {Normal} 0-1

[Event "Rated Blitz game"]
[Site "?"]
[Date "2021.07.25"]
[Round "?"]
[White "sandokhane"]
[Black "GoughPhar"]
[Result "0-1"]
[WhiteElo "2325"]
[BlackElo "2471"]
[PlyCount "70"]
[EventDate "2021.??.??"]
[EventType "blitz"]

1. e4 e5 2. Nf3 d5 3. d4 dxe4 4. Nxe5 Bd6 5. Nc4 Nf6 6. Nxd6+ Qxd6 7. g3 Nc6 8.
Bg2 Bg4 9. Qd2 Nxd4 10. O-O Bf3 11. c3 Bxg2 12. Kxg2 Nf3 13. Qxd6 cxd6 14. Bf4
O-O-O 15. Nd2 Nxd2 16. Bxd2 Rhe8 17. Bg5 Re6 18. c4 h6 19. Bxf6 Rxf6 20. Rfe1
Re6 21. Re3 Kc7 22. g4 Kc6 23. Rae1 Kc5 24. b3 g6 25. Kg3 Rde8 26. Kf4 Rf6+ 27.
Kg3 Rfe6 28. Kf4 Kb4 29. Rxe4 Rxe4+ 30. Rxe4 Rxe4+ 31. Kxe4 Ka3 32. Kd5 Kxa2
33. b4 Kb3 34. c5 dxc5 35. bxc5 a5 {Normal} 0-1

[Event "Rated Blitz game"]
[Site "?"]
[Date "2021.07.25"]
[Round "?"]
[White "Zlaja2020"]
[Black "BrilliantGambiteer"]
[Result "1-0"]
[WhiteElo "2429"]
[BlackElo "2369"]
[PlyCount "51"]
[EventDate "2021.??.??"]
[EventType "blitz"]

1. e4 e5 2. Nf3 d5 3. d3 Bd6 4. Nc3 d4 5. Ne2 f5 6. exf5 Bxf5 7. Ng3 Be6 8. Be2
Nf6 9. Bg5 O-O 10. Nd2 Be7 11. Bxf6 Bxf6 12. Bf3 c6 13. Nde4 Nd7 14. O-O Kh8
15. Re1 Qe7 16. a3 Nc5 17. Nxc5 Qxc5 18. Ne4 Qe7 19. Qe2 Rae8 20. b4 Bd5 21.
Nd2 Bg5 22. Be4 Bxd2 23. Qxd2 Bxe4 24. Rxe4 Qf6 25. Rae1 Qf5 26. f4 {Normal}
1-0

[Event "Rated Blitz game"]
[Site "?"]
[Date "2021.07.25"]
[Round "?"]
[White "MarcinPol137"]
[Black "alaeldin1212"]
[Result "1-0"]
[WhiteElo "2511"]
[BlackElo "2319"]
[PlyCount "93"]
[EventDate "2021.??.??"]
[EventType "blitz"]

1. e4 e5 2. Nf3 d5 3. exd5 e4 4. Qe2 Nf6 5. Nc3 Be7 6. Nxe4 O-O 7. Nxf6+ Bxf6
8. Qd3 b6 9. Be2 Ba6 10. c4 Nd7 11. O-O Re8 12. Re1 Nc5 13. Qc2 Qd7 14. d4 Nb7
15. Bf4 c5 16. dxc6 Qxc6 17. Rac1 Rac8 18. b3 g6 19. h3 Nd6 20. Ne5 Qe4 21.
Nxg6 Qxc2 22. Rxc2 Nxc4 23. bxc4 hxg6 24. Rd1 Bb7 25. Bg4 Rcd8 26. d5 Be5 27.
Bg5 f6 28. Be3 g5 29. Bf5 Kg7 30. g3 Bc8 31. Bxc8 Rxc8 32. Kg2 Kg6 33. c5 bxc5
34. Rxc5 a6 35. Rc6 Red8 36. Rxa6 Rc2 37. a4 Ra2 38. Rd2 Rxd2 39. Bxd2 Rxd5 40.
Be3 Rd3 41. Kf3 Ra3 42. Ke4 Bc3 43. Kd5 Be1 44. Bd4 Rd3 45. Rxf6+ Kg7 46. Rf3+
Rxd4+ 47. Kxd4 {Normal} 1-0

[Event "Rated Blitz game"]
[Site "?"]
[Date "2021.07.25"]
[Round "?"]
[White "Chesstomioka"]
[Black "Fantastic_power06"]
[Result "0-1"]
[WhiteElo "2628"]
[BlackElo "2768"]
[PlyCount "44"]
[EventDate "2021.??.??"]
[EventType "blitz"]

1. e4 e5 2. Nf3 d5 3. Nxe5 Bd6 4. d4 dxe4 5. Nc3 Bxe5 6. dxe5 Qxd1+ 7. Nxd1 Nc6
8. Bb5 Nge7 9. Nc3 Bf5 10. Bg5 a6 11. Bxe7 axb5 12. Bc5 b4 13. Ne2 Ra5 14. Be3
Nxe5 15. b3 O-O 16. Ng3 Bg6 17. Bd2 Rfa8 18. Bxb4 Rxa2 19. Rxa2 Rxa2 20. Kd2
Ng4 21. Bc5 e3+ 22. fxe3 Rxc2+ {Normal} 0-1

[Event "Rated Blitz game"]
[Site "?"]
[Date "2021.07.25"]
[Round "?"]
[White "GrauerBaron"]
[Black "ARIES-THE-KING"]
[Result "0-1"]
[WhiteElo "2288"]
[BlackElo "2448"]
[PlyCount "48"]
[EventDate "2021.??.??"]
[EventType "blitz"]

1. e4 e5 2. Nf3 d5 3. exd5 e4 4. Qe2 Nf6 5. d3 Qxd5 6. Nbd2 Nc6 7. dxe4 Qe6 8.
Qc4 Qg4 9. h3 Qg6 10. e5 Be6 11. Qb5 O-O-O 12. g4 a6 13. Qa4 Nb4 14. Bd3 Rxd3
15. cxd3 Nd7 16. Kf1 Qxd3+ 17. Kg2 Bd5 18. Rd1 Bc5 19. a3 Nxe5 20. axb4 Nxf3
21. Nf1 Ne5+ 22. Kg1 Qf3 23. Rxd5 Qxf2+ 24. Kh1 Qg1# {Normal} 0-1

[Event "Rated Blitz game"]
[Site "?"]
[Date "2021.07.25"]
[Round "?"]
[White "Chesstomioka"]
[Black "Fantastic_power06"]
[Result "0-1"]
[WhiteElo "2621"]
[BlackElo "2776"]
[PlyCount "56"]
[EventDate "2021.??.??"]
[EventType "blitz"]

1. e4 e5 2. Nf3 d5 3. Nxe5 Bd6 4. d4 dxe4 5. Nc4 Nc6 6. Nxd6+ Qxd6 7. c3 Bf5 8.
Nd2 O-O-O 9. Nc4 Qe7 10. Bf4 Nf6 11. Ne3 Bg6 12. Qa4 Nh5 13. Bg3 f5 14. d5 f4
15. dxc6 Qc5 16. cxb7+ Kb8 17. Nc4 fxg3 18. hxg3 e3 19. Nxe3 Rhe8 20. Be2 Nxg3
21. Rh3 Rxe3 22. Rxg3 Rxg3 23. fxg3 Qg1+ 24. Bf1 Qe3+ 25. Be2 Qxg3+ 26. Kf1
Rf8+ 27. Bf3 Rxf3+ 28. gxf3 Bd3# {Normal} 0-1

[Event "Rated Blitz game"]
[Site "?"]
[Date "2021.07.25"]
[Round "?"]
[White "Puertoplatasoy1969"]
[Black "CristianS27"]
[Result "0-1"]
[WhiteElo "2348"]
[BlackElo "2525"]
[PlyCount "58"]
[EventDate "2021.??.??"]
[EventType "blitz"]

1. e4 e5 2. Nf3 d5 3. Nxe5 dxe4 4. d4 Nd7 5. Nxd7 Bxd7 6. Nc3 Nf6 7. Bg5 Bf5 8.
Bc4 Bd6 9. Qe2 O-O 10. O-O Re8 11. Rfe1 c6 12. Rad1 b5 13. Bb3 a5 14. a4 b4 15.
Nb1 h6 16. Bh4 g5 17. Bg3 Bxg3 18. hxg3 Qd6 19. c3 Rad8 20. Qc4 Be6 21. d5 Bxd5
22. Qa6 e3 23. f4 gxf4 24. c4 f3 25. Rxd5 f2+ 26. Kh2 fxe1=Q 27. Rxd6 Ng4+ 28.
Kh3 Nf2+ 29. Kh4 Qh1# {Normal} 0-1

[Event "Rated Blitz game"]
[Site "?"]
[Date "2021.07.25"]
[Round "?"]
[White "Jostacio"]
[Black "oJHuNYHoTANGc0"]
[Result "1-0"]
[WhiteElo "2479"]
[BlackElo "2381"]
[PlyCount "31"]
[EventDate "2021.??.??"]
[EventType "blitz"]

1. e4 e5 2. Nf3 d5 3. Nxe5 dxe4 4. d4 Bd6 5. Bf4 Bf5 6. Bc4 Bg6 7. h4 f6 8. h5
fxe5 9. hxg6 exf4 10. Rxh7 Qh4 11. Rxh4 Rxh4 12. Nc3 Rh1+ 13. Bf1 Nc6 14. Qg4
Nf6 15. Qe6+ Kd8 16. O-O-O {Normal} 1-0

[Event "Rated Blitz tournament 9hWUcW1P"]
[Site "?"]
[Date "2021.07.25"]
[Round "?"]
[White "Ingo_statt_DWZ"]
[Black "Mettigel"]
[Result "0-1"]
[WhiteElo "2270"]
[BlackElo "2495"]
[PlyCount "96"]
[EventDate "2021.??.??"]
[EventType "blitz"]

1. e4 e5 2. Nf3 d5 3. Nxe5 Bd6 4. d4 dxe4 5. Nc3 Bxe5 6. dxe5 Qxd1+ 7. Kxd1 Nc6
8. Bb5 Bf5 9. Be3 Nge7 10. Ke2 a6 11. Ba4 O-O-O 12. Rad1 Bg4+ 13. f3 exf3+ 14.
gxf3 Be6 15. Bb3 Bxb3 16. axb3 Nf5 17. f4 Ncd4+ 18. Bxd4 Nxd4+ 19. Ke3 Nxc2+
20. Ke4 Nb4 21. f5 Rhe8 22. Rxd8+ Rxd8 23. Re1 Nc6 24. e6 Rd4+ 25. Kf3 fxe6 26.
fxe6 Kd8 27. Ne4 Ke7 28. Nc5 Nd8 29. Ke3 Rd5 30. b4 Re5+ 31. Kd2 Rxe1 32. Kxe1
b6 33. Nxa6 Nxe6 34. Ke2 Kd6 35. Ke3 Kd5 36. b3 g5 37. h3 h5 38. Kf3 Kd6 39.
Ke4 g4 40. hxg4 hxg4 41. Nb8 c6 42. Na6 Kd7 43. b5 c5 44. b4 c4 45. Nb8+ Kd6
46. Nc6 c3 47. Ne5 g3 48. Nd3 g2 {Normal} 0-1

[Event "Rated Blitz game"]
[Site "?"]
[Date "2021.07.25"]
[Round "?"]
[White "ackaliyorabisi"]
[Black "rofaidah"]
[Result "0-1"]
[WhiteElo "2489"]
[BlackElo "2457"]
[PlyCount "126"]
[EventDate "2021.??.??"]
[EventType "blitz"]

1. e4 e5 2. Nf3 d5 3. exd5 e4 4. Qe2 Nf6 5. d3 Bf5 6. dxe4 Bxe4 7. Nfd2 Qe7 8.
Nxe4 Nxe4 9. Nd2 Nf6 10. Qxe7+ Bxe7 11. Bb5+ Nbd7 12. c4 O-O-O 13. O-O Ne5 14.
Re1 Bd6 15. Ne4 Nxe4 16. Rxe4 f5 17. Re2 a6 18. f4 axb5 19. fxe5 Bc5+ 20. Be3
Bxe3+ 21. Rxe3 bxc4 22. Rd1 Rd7 23. b3 cxb3 24. axb3 Rhd8 25. Red3 Re8 26. e6
Rd6 27. b4 c6 28. dxc6 Rxc6 29. Rd7 g6 30. Rxh7 Rcxe6 31. Rdd7 Rb6 32. Rc7+ Kb8
33. Rc4 Re4 34. Rxe4 fxe4 35. Rg7 Rxb4 36. Rxg6 e3 37. Kf1 Rb2 38. Rg3 Rf2+ 39.
Kg1 Re2 40. Kf1 Rf2+ 41. Kg1 Rb2 42. Rxe3 b5 43. h4 b4 44. h5 Kc7 45. Kh2 Kc6
46. h6 Ra2 47. Rg3 Ra8 48. Kh3 Rh8 49. Rg6+ Kc5 50. Kh4 b3 51. Kh5 b2 52. Rg5+
Kc4 53. Rg4+ Kc3 54. Rg3+ Kc2 55. Rf3 b1=Q 56. Rf2+ Kd3 57. Rf3+ Ke4 58. Rf4+
Kxf4 59. g4 Qh1+ 60. Kg6 Qxh6+ 61. Kf7 Rh7+ 62. Ke8 Qg7 63. g5 Qh8# {Normal}
0-1